Georges Bataille: (Record no. 143112)

000 -LEADER
fixed length control field 00499nam a22001697a 4500
020 ## - INTERNATIONAL STANDARD BOOK NUMBER
International Standard Book Number 9780745315874
082 ## - DEWEY DECIMAL CLASSIFICATION NUMBER
Classification number 848.912 09
Item number BEN/G
100 ## - MAIN ENTRY--PERSONAL NAME
Personal name Benjamin Noys
9 (RLIN) 180090
245 ## - TITLE STATEMENT
Title Georges Bataille:
Remainder of title a critical introduction/
Statement of responsibility, etc. by Benjamin Noys
260 ## - PUBLICATION, DISTRIBUTION, ETC.
Place of publication, distribution, etc. London:
Name of publisher, distributor, etc. Pluto Press,
Date of publication, distribution, etc. 2000.
300 ## - PHYSICAL DESCRIPTION
Extent 165p.
650 ## - SUBJECT ADDED ENTRY--TOPICAL TERM
Topical term or geographic name entry element French Writer Criticism
9 (RLIN) 180091
650 ## - SUBJECT ADDED ENTRY--TOPICAL TERM
Topical term or geographic name entry element Georges Bataille Criticism
9 (RLIN) 180092
650 ## - SUBJECT ADDED ENTRY--TOPICAL TERM
Topical term or geographic name entry element Literature French
9 (RLIN) 180093
650 ## - SUBJECT ADDED ENTRY--TOPICAL TERM
Topical term or geographic name entry element Literature
9 (RLIN) 180094
942 ## - ADDED ENTRY ELEMENTS (KOHA)
Koha item type Book
Holdings
Withdrawn status Lost status Damaged status Not for loan Permanent Location Current Location Shelving location Date acquired Cost, normal purchase price Total Checkouts Full call number Barcode Date last seen Price effective from Koha item type
        Sree Sankaracharya University of Sanskrit Sree Sankaracharya University of Sanskrit Stacks 04.10.2019 2569.48   848.912 09 BEN/G 096492 04.10.2019 04.10.2019 Book